Responses for Show #6083 - Wednesday, February 9, 2011

IBM Challenge mini-documentary: "What is a Grand Challenge?"

Contestants

[<< previous game]

Sean Priest, a high school vice principal from San Francisco, California

Daniel Cohen, an actor from Astoria, New York

Paul Wampler, a web programmer from Knoxville, Tennessee (whose 2-day cash winnings total $33,401)

[next game >>]

Jeopardy! Round responses

MUSICAL INSTRUMENTS
OSCAR-WINNING ROLES
WHAT'S IN YOUR "C"LOSET?
(Alex: Each correct response will begin with the letter C.)
THE CONSTITUTION
SURFIN' USB
(Alex: And finally, words invented for a particular occasion...)
NONCE WORDS
    $200 1
the trumpet

Daniel
    $200 6
Jodie Foster

Paul
    $200 11
cleats

Paul
    $200 26
the House (of Representatives)

Daniel
    $200 16
IBM

Paul
    $200 21
a mop

Paul
    $400 2
Stradivarius

Sean
    $400 7
Meryl Streep

Paul
    $400 12
chinos

Sean
    $400 27
the vice president

Paul
    $400 17
joysticks

Triple Stumper
    $400 22
(Paul: What are... [sighs])

the majority

Paul
Triple Stumper
    $600 3
frets

Paul
    $600 8
Robert De Niro

Sean
    $600 13
calico

Triple Stumper
    $1,400 28
(Paul: What is the people?)

habeas corpus

Paul
    $600 18
a bus

Sean
    $600 23
hot air balloon

Paul
    $800 4
(Paul: What are...)
(Alex: Oh, too much time!)

steel drums

PaulDaniel
    $800 9
Jeff Bridges

Sean
    $800 14
chenille

Triple Stumper
    $800 29
Commander in Chief

Paul
    $800 19
a webcam

Paul
    $800 24
thrown out

Daniel
    $1000 5
a marimba

Sean
    $1000 10
Hilary Swank

Daniel
    $1000 15
caftan

Triple Stumper
    $1000 30
(Paul: What is confidence?)

credit

PaulSean
    $1000 20
(Daniel: What's the MacBook?)

an iMac

PaulDaniel
    $1000 25
(Alex: Correct, with a minute to go.)

death

Daniel

Scores at the first commercial break (after clue 15):

Paul Daniel Sean
$600 $2,000 $3,200

Scores at the end of the Jeopardy! Round:

Paul Daniel Sean
$1,800 $3,000 $4,800

Double Jeopardy! Round responses

FRENCH HISTORY
TV JUDGES
ANIMALS IN CHILDREN'S BOOKS
GERMAN FOOD
IOWA
"HAWK" EYES
    $400 17
de Gaulle

Daniel
    $400 1
(Joe) Wapner

Paul
    $400 12
Dalmatians

Daniel
    $400 22
sauerkraut

Daniel
    $400 11
(Alex: Pick the big 2 in the U.S., [*].)

the Mississippi & the Missouri

Triple Stumper
    $400 6
the tomahawk

Paul
    $800 18
dauphin

Triple Stumper
    $800 2
(Ed) Koch

Paul
    $800 13
a lion

Paul
    $800 23
a stew

Paul
    $800 27
John Wayne

Paul
    $800 7
Black Hawk Down

Paul
    $2,600 19
(Daniel: what is Normandy?)

the port of Calais

Daniel
    $1200 3
Judge Judy

Paul
    $1200 14
a bat

Paul
    $1200 24
almonds

Daniel
    $1200 28
Des Moines

Daniel
    $1200 8
the Kitty Hawk

Paul
    $1600 20
the Estates General (les états généraux)

Triple Stumper
    $1600 4
Rick James

Paul
    $1600 15
a mongoose

Paul
    $1600 25
(Sean: What is the brain?)
...
(Alex: Less than a minute now, Daniel.)

the claw

Sean
Triple Stumper
    $1600 29
(Sean: Who is Whistler?)

Grant Wood

Sean
Triple Stumper
    $1600 9
(Jim) Hawkins

Daniel
    $2000 21
the Edict of Nantes

Triple Stumper
    $2000 5
Divorce Court

Daniel
    $2000 16
(Alex: Paul, you knew that!)
(Paul: Yes.)
(Alex: This time, you didn't ring in.)

a frog

Triple Stumper
    $2000 26
mayonnaise

Paul
    $4,000 30
(Alex: Daniel?)
(Daniel: Uh, nothing.)

Jacques Marquette & Louis Joliet

Daniel
    $2000 10
Weehawken

Paul

Scores at the end of the Double Jeopardy! Round:

Paul Daniel Sean
$17,400 $3,600 $1,600
(lock game)

[wagering suggestions for these scores]

Final Jeopardy! Round responses

POLITICAL PARTIES
(Alex: [To Paul] Were you referring to the party or yourself on this clue?)
(Paul: On this clue, myself.)
SeanWhat is the Federalist party?
$1,547
DanielWhat is the Federalist Party?
$399
PaulWhat is the no no-nothing party?
$400
the Federalist Party

Final scores:

Paul Daniel Sean
$17,000 $3,999 $3,147
3-day champion: $50,401 2nd place: $2,000 3rd place: $1,000

Game dynamics:

Coryat scores:

Paul Daniel Sean
$18,800 $10,200 $1,600
25 R,
4 W
(including 1 DD)
13 R,
3 W
(including 2 DDs)
7 R,
2 W

Combined Coryat: $30,600

[game clues] [game scores] [suggest correction]

Game tape date: 2010-10-27
The J! Archive is created by fans, for fans. Scraping, republication, monetization, and malicious use prohibited; this site may use cookies and collect identifying information. See terms. The Jeopardy! game show and all elements thereof, including but not limited to copyright and trademark thereto, are the property of Jeopardy Productions, Inc. and are protected under law. This website is not affiliated with, sponsored by, or operated by Jeopardy Productions, Inc. Join the discussion at JBoard.tv.